Vagabondaggio /

সংরক্ষণ করুন:
গ্রন্থ-পঞ্জীর বিবরন
প্রধান লেখক: Hesse, Hermann (লেখক)
অন্যান্য লেখক: Specchio, Mario
বিন্যাস: গ্রন্থ
ভাষা:ইতালিয়
প্রকাশিত: Roma : Tascabili economici Newton, 1992
মালা:Centopaginemillelire ; 4
ট্যাগগুলো: ট্যাগ যুক্ত করুন
কোনো ট্যাগ নেই, প্রথমজন হিসাবে ট্যাগ করুন!

MARC

LEADER 00000nam a22000007i 4500
001 IT\ICCU\VIA\0034697
003 ItRI
005 20260115231933.0
008 930211s1992 it |||||| |||||1|||||c
020 |a 8879830406 
040 |b ita  |c importazione bologna sebina 
041 7 |a ita  |2 ISO-639-2 
082 |a 833.912  |9 NARRATIVA TEDESCA. 1900-1945  |2 19 
100 1 |a Hesse, Hermann  |0 IT\ICCU\CFIV\001444  |4 aut 
240 1 0 |a Wanderung. -  |3 IT\ICCU\CFI\0226798  |9 Hesse, Hermann 
245 1 0 |a Vagabondaggio /  |c Hermann Hesse ; a cura di Mario Specchio. 
260 |a Roma :  |b Tascabili economici Newton,  |c 1992 
300 |a 93 p. ;  |c 20 cm 
500 |a Edizione integrale. 
700 1 |a Specchio, Mario  |0 IT\ICCU\CFIV\030629 
830 0 |a Centopaginemillelire ;  |v 4  |0 IT\ICCU\RAV\0196182 
942 |2 ddc  |c BK  |n 0 
952 |0 0  |1 0  |4 0  |6 DOC_833_912000000000000_HES  |7 0  |9 17143  |a BO  |b BO  |d 2026-01-15  |i 14338  |l 0  |o DOC 833.912 HES  |p BO14338  |r 2026-01-15 23:19:33  |w 2026-01-15  |x [Sebina 5] [1 v.]  |y BK  |z 1 v. 
999 |c 14639  |d 14639